|
|
|
|
| LEADER |
00000nab a2200000uu 4500 |
| 001 |
vtls011463656 |
| 003 |
SK-MaSNL |
| 005 |
20260303132213.0 |
| 008 |
230218|1966 xo |||||||||||||||||cze| |
| 015 |
|
|
|a SNBRB
|
| 035 |
|
|
|a (urnnbn)urn:nbn:sk:snk:ar-a0atpr
|
| 035 |
|
|
|a (uuid)e84defff-59f0-49c2-866b-2a6c949b9322
|
| 035 |
|
|
|a urn:nbn:sk:snk-abcwtr
|
| 040 |
|
|
|a SNKBUCL
|b slo
|c SNKBUCL
|e AACR2
|
| 041 |
0 |
|
|a cze
|
| 044 |
|
|
|a xo
|c SK
|
| 100 |
1 |
|
|a Vondra, Karel
|4 aut
|9 1149676
|
| 245 |
1 |
0 |
|a K typu a konstrukci cen stavební produkce
|c Karel Vondra
|
| 773 |
0 |
|
|t Ekonomika stavebníctva
|g Roč. 1, č. 7 (1966), s. 193-197
|
| 954 |
|
|
|a odborná, vedecká literatúra cudzojazyčná (svetová)
|2 lita
|
| 958 |
|
|
|a OND
|
| 958 |
|
|
|a EUIPO
|
| 958 |
|
|
|a article16
|
| 999 |
|
|
|c 1949608
|d 1951538
|